MARC

LEADER 00000nam0a2200000 4500
001 282834
005 20231101235533.0
035 |a (RuTPU)RU\TPU\book\306812 
090 |a 282834 
100 |a 20150203d1984 m y0rusy50 ca 
101 0 |a rus 
102 |a RU 
105 |a a j 001zy 
200 1 |a Радиолокационное оборудование самолетов  |e учебное пособие для авиационных техникумов  |f А. П. Волкоедов 
210 |a Москва  |c Машиностроение  |d 1984 
215 |a 152 с.  |c ил. 
225 1 |a Для техникумов 
320 |a Библиогр.: с. 149 
320 |a Предметный указатель: с. 150-151 
606 1 |a Радиолокационное оборудование самолетов  |2 stltpush  |3 (RuTPU)RU\TPU\subj\22761  |9 47463 
610 1 |a самолеты 
610 1 |a радиолокация 
610 1 |a радиолокационные станции 
610 1 |a выходные устройства 
610 1 |a самолетные РЛС 
610 1 |a воздушные цели 
610 1 |a перехват 
610 1 |a авиация 
610 1 |a наземные радиолокационные системы 
610 1 |a учебные пособия 
675 |a 629.73.05:621.3(075.32)  |v 4 
700 1 |a Волкоедов  |b А. П.  |g Анатолий Прокопьевич 
801 1 |a RU  |b 63413507  |c 20150203 
801 2 |a RU  |b 63413507  |c 20170804  |g RCR 
942 |c BK